000 00414nam a2200157Ia 4500
008 231217s9999 xx 000 0 und d
020 _a8178811340
041 _aEnglish
082 _a658.1 SAT.4;1 R
100 _aSatish, D ed
245 0 _aCorporate finance V.4 : concepts and cases
260 _c2003
_bICFAI Press
_aHyderabad
300 _avi, 162+A14
650 _aCorporate,finance,V.4
942 _cAA
999 _c188992
_d188992